00642nam a2200229 a 4500001001300000003000900013005001700022008004100039020002300080082001300103100001700116245002300133260003600156300000900192500003500201650001300236700001700249902000800266942000700274952011400281999001700395nice12345678IN_TiNIC20260116014625.0070412s1999 newa grp 000 0 eng  a8186921036 c22500a190bMOH aMohanty, S K aFacets of Humanism aNew Delhi bDecent Books c1999 a190p aincludes index and biblioraphy aHumanism1 aMohanty, S K bSRS cBK 001040708StackRoom-aHMIbHMId2007-04-12g225.00l0o190 MOHp021836r2007-04-12v225.00w2007-04-12yBK c16281d16281